Eastern European Capitals - Statistics

General Stats
  • This quiz has been taken 268 times
  • The average score is 7 of 9
Answer Stats
Hint Answer % Correct
Russia Moscow
96%
Poland Warsaw
90%
Hungary Budapest
88%
Ukraine Kiev
88%
Czech Republic Prague
84%
Romania Bucharest
81%
Belarus Minsk
81%
Slovakia Bratislava
71%
Moldova Chisinau
62%
No matching quizzes found
Score Distribution
Percent of People with Each Score
Percentile by Number Answered
Your Score History
You have not taken this quiz